| 000 | 00417nam a2200181Ia 4500 | ||
|---|---|---|---|
| 003 | STCL | ||
| 008 | 230726s9999 xx 000 0 und d | ||
| 020 | _a9789351611769 | ||
| 040 |
_aSTCL _cSTCL _bEN |
||
| 082 | _222 | ||
| 100 | _aGupta, S P | ||
| 245 | 0 | _aStatistical methods | |
| 250 | _a46 | ||
| 260 |
_bSultan Chand and Sons _aNew Delhi _c2022 |
||
| 365 | _b695 | ||
| 546 | _aEnglish | ||
| 942 |
_2DDC _e22 _cBKDDC |
||
| 999 |
_c89748 _d89748 |
||